01598nam a2200241Ia 4500952009100000952011800091952010600209999001700315005001700332008004100349020001800390050002300408100003500431245008900466260003500555300001800590504004200608505055900650519008301209519004401292650001301336942000701349 00104070a09b09d2008-11-11l0oHG185 M45p09 002559r2025-01-20t1w2012-06-26yLB 00102ddc4070a22b22d2010-08-13l7oHG185.M4 M45 2008p17 000269r2023-07-28s2022-09-20t1w2012-06-26yLBf 00104070a18b18d2011-01-11l1oHG185.M4 M45p18 000775r2014-11-24s2014-11-22t1w2012-06-26yLB c73162d7316220231102151113.0120626s2008 mx 000 0 spa d a978970077738214aHG185.M4bM45 20081 aMéjan, Luis Manuel C.eautor10aSistema financiero mexicanob : Instituciones jurídicasc / Luis Manuel C. Méjan3 aMéxicob : Porrúac , 2008 a429 páginas aIncluye: Bibliografía (pp. 423-429)2 aObjeto del sistema financiero, mercado e intermediación Formación y principios rectores del sistema financiero Composición del sistema financiero mexicano La agrupación financiera Las autoridades reguladoras Aspectos corporativos Los contratos en el sistema financiero mexicano Los contratos de garantía Contratación por medios electrónicos La protección de los intereses del público Los delitos y las infracciones financieros Otras instituciones corporativas del sistema financiero Otras instituciones operativas del sistema financiero aPlan Flexible / bContaduría / cSistema Financiero (P07-1) / d(17 000269)  aMaterial Complementario / d(18 000775)14aFINANZAS cLB